000 nam a22 7a 4500
999 _c49034
_d49034
003 OSt
005 20190912114442.0
008 190912b xxu||||| |||| 00| 0 eng d
040 _cIIMT UNIVERSITY
100 _aRAZDAN. B
245 _aMEDICINAL CHEMISTRY
260 _aNEW DELHI
_bCBS PB
_c2019
300 _a1041
942 _2ddc
_c01